• 首页
  • 本馆介绍
  • 公告通知
  • 最新文献
  • 馆藏检索
  • 电子资源
  • 读者导购
  • 参考咨询
  • 我的图书馆
  • 登录
  • 详细信息显示
  • 放入我的书架
  • 预约/预借图书
  • 作者相关作品
  • 分类相关作品
  • 丛书相关作品
  • 出版社相关作品

书目信息

  • 表格格式
  • 工作单格式
  • 卡片格式
题名:
自然保护区建设工程关键技术研究
    
 
作者: 王兵 , 崔向慧 , 崔国发 , 李迪强 著
分册:  
出版信息: 北京   科学出版社  2005
页数: 166页
开本: 24cm
丛书名:
单 册:
中图分类: S759.9
科图分类:
主题词: 森林经营 , 森林--计测学 , 森林经理 , 林业经营
电子资源:
ISBN: 7-03-015186-0
000 01126nam0 2200289 450
001 0747930946
005 20070525132859.03
010    @a7-03-015186-0@dCNY35.00
100    @a20070525d2005 km y0chiy0120
101 0  @achi
102    @aCN@b110000
200 1  @a自然保护区建设工程关键技术研究@Azi ran bao hu qu jian she gong cheng guan jian ji shu yan jiu@f王兵等著@Fwang bing deng zhu
210    @a北京@c科学出版社@d2005
215    @a166页@c图@d24cm
300    @a华夏英才基金学术库
330    @a本书在综述国内外自然保护区建设工程关键技术研究与发展的基础上,结合我国典型自然保护区的实际需求和条件,针对自然保护区的管理和物种保护等关键技术难点进行了分析研究,提出了典型自然保护区的综合管理模式和目标物种的成套保护技术,为我国自然保护区建设提供了先进、可行的技术体系和管理模式等内容。
606 0  @a森林经营
606 0  @a森林@x计测学
606 0  @a森林经理
606 0  @a林业经营
690    @aS759.9@v4
701  0 @a王兵@Awang bing@4著
701  0 @a崔向慧@Acui xiang hui@4著
701  0 @a崔国发@Acui guo fa@4著
701  0 @a李迪强@Ali di qiang@4著
801  0 @aCN@bTAOJIN@c20070525
905    @a10447@dS759.9@e27
    
    自然保护区建设工程关键技术研究/王兵等著.-北京:科学出版社,2005
    166页:图;24cm
    华夏英才基金学术库
    
    ISBN 7-03-015186-0:CNY35.00
    本书在综述国内外自然保护区建设工程关键技术研究与发展的基础上,结合我国典型自然保护区的实际需求和条件,针对自然保护区的管理和物种保护等关键技术难点进行了分析研究,提出了典型自然保护区的综合管理模式和目标物种的成套保护技术,为我国自然保护区建设提供了先进、可行的技术体系和管理模式等内容。
●
相关链接 在E读中查询图书 在五车中查询图书 在当当中查询图书 在豆瓣中查询图书


正题名:自然保护区建设工程关键技术研究     索取号:S759.9/27         预约/预借

序号 登录号 条形码 馆藏地/架位号 状态 备注
1 0522618   205226183   第二样本阅览室/ [索取号:S759.9/27] 在馆    
2 0522619   205226192   第三借阅区/ [索取号:S759.9/27] 在馆    
3 0522620   205226209   第三借阅区/ [索取号:S759.9/27] 在馆    
4 0522621   205226218   第三借阅区/ [索取号:S759.9/27] 在馆    
5 0522622   205226227   第三借阅区/ [索取号:S759.9/27] 在馆    
6 0522623   205226236   第三借阅区/ [索取号:S759.9/27] 在馆    
唐山师范学院图书馆 欢迎您!
大连网信软件有限公司© 版权所有